000 00377nam a2200157Ia 4500
008 240729s9999 xx 000 0 und d
022 _a2227-9067
245 0 _aChildren
260 _aSwitzerland
260 _bMDPI AG
650 _a Pediatrics
650 _aMedicine
856 _uhttps://doaj.org/toc/f8abfb5452514c4dab659ce7dc04a76a
942 _2ddc
942 _cDOAJEJ
999 _c67869
_d67869
945 _a1
_bMadushi Gamage
_c1
_dMadushi Gamage